• 首页
  • 本馆介绍
  • 公告通知
  • 最新文献
  • 馆藏检索
  • 电子资源
  • 读者导购
  • 参考咨询
  • 我的图书馆
  • 登录
  • 详细信息显示
  • 放入我的书架
  • 预约/预借图书
  • 作者相关作品
  • 分类相关作品
  • 丛书相关作品
  • 出版社相关作品

书目信息

  • 表格格式
  • 工作单格式
  • 卡片格式
题名:
大学英语六级真题题源天天读
    
 
作者: 方振宇 主编
分册:  
出版信息: 北京   中国宇航出版社  2010
页数: 374页
开本: 21cm
丛书名:
单 册:
中图分类: H310.42 , H319.6
科图分类:
主题词: 英语--高等学校--习题 , 英语
电子资源:
ISBN: 978-7-80218-733-7
000 00965nam0 2200265 45
001 1138587484
005 20110419110250.60
010    @a978-7-80218-733-7@dCNY24.80
100    @a20110403d2010 em y0chiy50 ea
101 0  @achi@aeng
102    @aCN@b110000
105    @ay q 000yy
106    @ar
200 1  @a大学英语六级真题题源天天读@ADa Xue Ying Yu Liu Ji Zhen Ti Ti Yuan Tian Tian Du@f方振宇主编@FFang Zhen Yu Zhu Bian
210    @a北京@c中国宇航出版社@d2010
215    @a374页@d21cm@e附光盘1片(8cm)
307    @a附光盘:ISBN 978-7-89455-111-5
330    @a本书分基础听读篇 —— 拯救听力、循序渐进篇 —— 纵情朗读及能力提升篇 —— 渐入佳境三部分, 主要内容涵盖环境运动的勇士 ; 全球化背景下的教育 ; 拒绝模式化 ; 人类记忆的秘密等。
606 0  @a英语@x高等学校@x习题
606 0  @a英语
690    @aH310.42@v4
690    @aH319.6@v4
701  0 @a方振宇@AFang Zhen Yu@4主编
801  0 @aCN@bTANGWEI@c20110419
905    @b0537156-60@dH310.42@e1557@f5
    
    大学英语六级真题题源天天读/方振宇主编.-北京:中国宇航出版社,2010
    374页;21cm+附光盘1片(8cm)
    
    
    ISBN 978-7-80218-733-7:CNY24.80
    本书分基础听读篇 —— 拯救听力、循序渐进篇 —— 纵情朗读及能力提升篇 —— 渐入佳境三部分, 主要内容涵盖环境运动的勇士 ; 全球化背景下的教育 ; 拒绝模式化 ; 人类记忆的秘密等。
●
相关链接 在E读中查询图书 在五车中查询图书 在当当中查询图书 在豆瓣中查询图书


正题名:大学英语六级真题题源天天读     索取号:H310.42/1557         预约/预借

序号 登录号 条形码 馆藏地/架位号 状态 备注
1 0537156   205371569   第二样本阅览室/ [索取号:H310.42/1557] 在馆    
2 0537157   205371578   第四借阅区/ [索取号:H310.42/1557] 在馆    
3 0537158   205371587   第四借阅区/ [索取号:H310.42/1557] 在馆    
4 0537159   205371596   第四借阅区/ [索取号:H310.42/1557] 在馆    
5 0537160   205371603   第四借阅区/ [索取号:H310.42/1557] 在馆    
唐山师范学院图书馆 欢迎您!
大连网信软件有限公司© 版权所有